| 000 | 00376nam a2200157Ia 4500 | ||
|---|---|---|---|
| 008 | 230312s9999||||xx |||||||||||||| ||und|| | ||
| 020 | _a1-57521-007-X | ||
| 082 |
_a004.6 _bOLI-N |
||
| 100 | _aOliver, Dick | ||
| 245 | 0 | _aNetscape 2 | |
| 260 |
_bSams.net _aUSA _c1996 |
||
| 300 | _a942 | ||
| 546 | _aEng. | ||
| 650 |
_aComputer _vNavigating Internet , Web Page , |
||
| 942 | _cBK | ||
| 999 |
_c3514 _d3514 |
||